Guía ecoturística y ambiental de los páramos de Mamapacha y Bijagual (Registro nro. 3200)

Detalles MARC
000 -CABECERA
Campo de control 01041nam a2200301 a 4500
005 - FECHA Y HORA DE LA ULTIMA TRANSACCION
Campo de control 20200104041539.0
008 - ELEMENTOS DE LONGITUD FIJA—INFORMACION GENERAL
Campo de control 140310b1998 ck ||||| |||| 00| 0 spa d
040 ## - FUENTE DE CATALOGACIÓN
Agencia catalogadora original CO-BoIAVH
Agencia transcriptora CO-BoIAVH
041 0# - IDIOMA
Código de idioma para texto/pista de sonido o título separado Español
044 ## - PAÍS DE PUBLICACIÓN
País de publicación Colombia
090 ## - CLASIFICACIÓN LOCAL
Colección EA-
Consecutivo 427
100 1# - ASIENTO PRINCIPAL--NOMBRE PERSONAL
Nombre personal Ciri, Francisco
9 (RLIN) 18915
245 10 - MENCION DE TITULO
Título Guía ecoturística y ambiental de los páramos de Mamapacha y Bijagual
260 ## - PUBLICACION, DISTRIBUCION, ETC. (PIE DE IMPRENTA)
Lugar de publicación, distribución, etc. Garagoa (Boyacá):
Nombre del editor, distribuidor, etc. Minambiente:
-- CORPOBOYACA:
-- CORPOCHIVOR.
Fecha de publicación, distribución, etc. 1998?
300 ## - DESCRIPCION FISICA
Extensión 58 páginas :
Otros detalles físicos mapas, ilustraciones y fotografías a color ;
Dimensiones 22 x 12 cm.
650 #6 - ASIENTO SECUNDARIO DE MATERIA - TERMINO TEMATICO
Término temático o nombre geográfico como elemento de entrada Ecoturismo
9 (RLIN) 86879
650 #4 - ASIENTO SECUNDARIO DE MATERIA - TERMINO TEMATICO
Término temático o nombre geográfico como elemento de entrada Uso sostenible
9 (RLIN) 344
650 #4 - ASIENTO SECUNDARIO DE MATERIA - TERMINO TEMATICO
Término temático o nombre geográfico como elemento de entrada Senderos ecológicos
9 (RLIN) 18918
650 #6 - ASIENTO SECUNDARIO DE MATERIA - TERMINO TEMATICO
Término temático o nombre geográfico como elemento de entrada Páramos
Subdivisión general Conservación
9 (RLIN) 86881
650 #6 - ASIENTO SECUNDARIO DE MATERIA - TERMINO TEMATICO
Término temático o nombre geográfico como elemento de entrada Páramos
Subdivisión de forma Guías turísticas
9 (RLIN) 86882
662 ## - ASIENTO SECUNDARIO DE MATERIA - JERARQUIA DEL NOMBRE DE LUGAR(
País o entidad mayor Colombia
Jurisdicción política intermedia Páramo de Mamapacha
Jurisdicción política de primer orden Boyacá
662 ## - ASIENTO SECUNDARIO DE MATERIA - JERARQUIA DEL NOMBRE DE LUGAR(
País o entidad mayor Colombia
Jurisdicción política intermedia Páramo de Bijagual
Jurisdicción política de primer orden Boyacá
700 1# - ASIENTO SECUNDARIO - NOMBRE PERSONAL
Nombre personal Puentes, Elquin
9 (RLIN) 43818
700 1# - ASIENTO SECUNDARIO - NOMBRE PERSONAL
Nombre personal Alfonso, René
9 (RLIN) 18921
700 1# - ASIENTO SECUNDARIO - NOMBRE PERSONAL
Nombre personal Rivera, Carlos Mario
9 (RLIN) 18922
700 1# - ASIENTO SECUNDARIO - NOMBRE PERSONAL
Nombre personal Rozo, Edna
9 (RLIN) 18923
942 ## - ELEMENTOS ADICIONALES (KOHA)
Tipo de ítem Libro
Sistema de clasificación Local
Existencias
Withdrawn status Lost status Sistema de Clasificación Damaged status No para préstamo Colección Inventariado Ubicación Permanente Ubicación actual Fecha de adquisición Fuente de Valor Valor Total Checkouts Número topográfico Inventario / Código de Barras Date last seen Ejemplar Price effective from Tipo de material
    Local     Educación Ambiental Inventariado 2017 Sala Fabio Quevedo Sala Fabio Quevedo 08/04/2003 Instituto 39000.00   EA-427 003512 04/12/2012 Ej. 1 04/12/2012 Libro